| 000 | 00509nam a2200193 4500 | ||
|---|---|---|---|
| 001 | sa 68016094 | ||
| 003 | DLC | ||
| 005 | 20260227112652.0 | ||
| 008 | 700713s1963 io 00000 eng | ||
| 010 | _asa 68016094 | ||
| 025 | _aPL480:Indo-8498 | ||
| 050 | 0 |
_aHD9698.I56 _bL44 |
|
| 082 | _a621.48/061/91 | ||
| 110 | 2 | 0 | _aLembaga Tenaga Atom. |
| 245 | 1 | _aAtoms for peace in Indonesia. | |
| 260 | 0 |
_a[Djakarta] _bInstitute for Atomic Energy _c[1963?] |
|
| 300 |
_a[4] p. _c21 cm. |
||
| 500 | _aCover title. | ||
| 999 |
_c86907 _d86907 |
||